书目信息 |
| 题名: |
超声的简单实验
|
|
| 作者: | Б·Б·库特利亚夫采夫 著 | |
| 分册: | ||
| 出版信息: | 北京 商务印书馆 |
|
| 页数: | 102页 | |
| 开本: | 20cm | |
| 丛书名: | ||
| 单 册: | ||
| 中图分类: | TB553 | |
| 科图分类: | ||
| 主题词: | 超声工程 | |
| 电子资源: | ||
| ISBN: | ||
| 000 | 00557nam0 2200181 450 | |
| 001 | 0640594216 | |
| 005 | 20060813111940.50 | |
| 100 | @a20060813d km y0chiy0120 ea | |
| 101 | 0 | @achi |
| 102 | @aCN@b110000 | |
| 200 | 1 | @a超声的简单实验@Achao sheng de jian dan shi yan@fБ·Б·库特利亚夫采夫 著@FБ·Б·ku te li ya fu cai fu zhu |
| 210 | @a北京@c商务印书馆 | |
| 215 | @a102页@d20cm | |
| 606 | 0 | @a超声工程 |
| 690 | @aTB553@v3 | |
| 701 | 0 | @aБ·Б·库特利亚夫采夫@AБ·Б·ku te li ya fu cai fu@4著 |
| 801 | 0 | @aCN@bPFT@c20060813 |
| 905 | @a10447@dTB553@e125 | |
| 超声的简单实验/Б·Б·库特利亚夫采夫 著.-北京:商务印书馆 |
| 102页;20cm |
| ISBN : |
| ● |
| 相关链接 |
|
|
|
|
正题名:超声的简单实验
索取号:TB553/125
 
预约/预借
| 序号 | 登录号 | 条形码 | 馆藏地/架位号 | 状态 | 备注 |
| 1 | 0452552 | 204525521 | 密集书库/ [索取号:TB553/125] | 在馆 |